Welcome to the Holygrace Academy Library

Please use search bar below to get started

CBSE 10LAST YEARS SOLVED PAPERS (Record no. 622)

MARC details
000 -LEADER
fixed length control field 00350nam a22001337a 4500
020 ## - INTERNATIONAL STANDARD BOOK NUMBER
ISBN 938629995-X
082 ## - DEWEY DECIMAL CLASSIFICATION NUMBER
Classification number 001
Item number OSW/C
100 ## - MAIN ENTRY--AUTHOR NAME
Personal name OSWAAL BOOKS
245 ## - TITLE STATEMENT
Title CBSE 10LAST YEARS SOLVED PAPERS
Remainder of title COMMERCE STREAM CLASS XII
260 ## - PUBLICATION, DISTRIBUTION, ETC. (IMPRINT)
Place of publication AGRA
Name of publisher OSWAAL PUBLISHERS
300 ## - PHYSICAL DESCRIPTION
Number of Pages 1223
650 ## - SUBJECT ADDED ENTRY--TOPICAL TERM
Topical Term COMMERCE SOLVED PAPERS FOR CLASS XII
Geographic subdivision INDIA
942 ## - ADDED ENTRY ELEMENTS (KOHA)
Koha item type Books
Holdings
Withdrawn status Lost status Collection code Home library Current library Shelving location Date acquired Source of acquisition Cost, normal purchase price Full call number Accession Number Koha item type
    Reference Main Library Main Library SHELF 10 C PLUS 2 ACCOUNTANCY 21/06/2020 purchase 999.00 001 OSW/C 12439 Books